| 000 | 00870nam a22002777a 4500 | ||
|---|---|---|---|
| 001 | 241 | ||
| 003 | FISKH | ||
| 005 | 20230309121648.0 | ||
| 008 | 230309b cb ||||| |||| 00| 0 eng d | ||
| 040 |
_aDLC _cDLC _dDLC _dFISKH _beng |
||
| 050 | 0 | 0 |
_aQL668.E2 _bC346 2009 |
| 082 | 0 | 0 |
_a597.8/9 _222 |
| 100 | 1 |
_aCarney, Elizabeth, _d1981- |
|
| 245 | 1 | 0 |
_aFrogs! / _cElizabeth Carney. |
| 260 |
_aWashington, D.C. _bNational Geographic _c2009 |
||
| 300 |
_a32 p. : _bcol. ill. ; _c23 cm. |
||
| 490 | 0 | _aNational Geographic science readers. Level 1 | |
| 490 | 0 | _aNational Geographic kids | |
| 505 | _aH | ||
| 521 | 8 |
_a480
_bLexile |
|
| 521 | 8 |
_aH
_bRaz-Plus |
|
| 650 | 0 |
_aFrogs _vJuvenile literature. |
|
| 856 | 4 | 1 |
_3Table of contents only _uhttp://www.loc.gov/catdir/toc/ecip0814/2008014028.html |
| 906 |
_a7 _bcbc _corignew _d1 _eecip _f20 _gy-gencatlg |
||
| 942 |
_2ddc _cBK _n0 |
||
| 999 |
_c241 _d241 |
||